000 04053nam0a22004691 4500
001 RU\NLR\BIBL_A\016344559
005 20260408070107.0
035 _a(NLR Aleph) 016344559
090 _a13102175
_c13102175
100 _a20221121j1804 |||y0rusy50 ca
101 0 _arus
102 _aRU
105 _ay n 000yy
200 1 _aУказ его императорскаго величества самодержца всероссийскаго,
_e[о назначении тайного советника Рунича в 6-й Департамент Сената; о назначении статского советника Болгарского вятским гражданским губернатором]
_fиз Правительствующаго Сената
210 _a[Санкт-Петербург
_cСенатская типография
_dсент. 1804]
215 _a[2] с.
_d
300 _aСенат. указ о рассылке двух именных указов от 31 авг. 1804 г. и 2 сент. 1804 г.
300 _aТекст начинается словами: По имянным его императорскаго величества высочайшемим указам, данным Правительствующему Сенату...
300 _aТекст напеч. на одной стороне листа
300 _aВ конце текста дата рассылки: Сентября дня 1804 года
300 _aВ левом нижнем углу: По 1 му департаменту
300 _aМесто изд. и тип. даны по печат. реестру к конволюту
316 _aЭкз. РНБ (18.88.1.1-8-154) является частью владельч. конволюта. Припл. к: Штат Государственнаго ассигнационнаго банка. - [Санкт-Петербург : Сенатская типография, 1804]. В правом верхнем углу от руки написан порядковый номер аллигата: 154
_5NLR: 18.88.1.1-8-154
482 0 _1001RU\NLR\BIBL_A\016259967
_12001#$aШтат Государственнаго ассигнационнаго банка
_1210##$a[Санкт-Петербург$cСенатская типография$d1804]
_912853357
_c[Санкт-Петербург
_d1804]
_nСенатская типография
_p[6] с.
_tШтат Государственнаго ассигнационнаго банка
517 1 _aПо имянным его императорскаго величества высочайшемим указам, данным Правительствующему Сенату...
518 1 _aУказ его императорского величества самодержца всероссийского,
518 1 _aПо именным его императорского величества высочайшемим указам, данным Правительствующему Сенату...
606 1 _aЗаконодательство
_yРоссия
_z1801 - 1825
_92280395
_3RU\NLR\AUTH\6601594564
620 _dСанкт-Петербург
686 _aХ2(2)47-3
702 0 _4720
_7ca
_8rus
_aАлександр
_cимператор российский
_dI
_f1777-1825
_9115306
_3RU\NLR\AUTH\775342
702 1 _7ca
_8rus
_aРунич
_bП. С.
_f1747-1825
_gПавел Степанович
_9181008
_3RU\NLR\AUTH\770181059
702 1 _7ca
_8rus
_aБолгарский
_bВ. И.
_f1771-1848
_gВасилий Иванович
_9205071
_3RU\NLR\AUTH\770205123
710 0 1 _4720
_aРоссия
_bИмператор
_c1801-1825; Александр I
_9584940
_3RU\NLR\AUTH\8810042745
711 0 1 _4720
_aРоссия
_bСенат
_9392688
_3RU\NLR\AUTH\889948534
712 0 2 _4610
_aСенатская типография
_cПетербург
_9375085
_3RU\NLR\AUTH\889940127
852 _aNLR
_j18.88.1.1-8-154
942 _cBOOK
980 _aNB
980 _aA1UKAZ